|
|
|
|
| LEADER |
01689cas a2200241 a 4500 |
| 001 |
AALejournalIMF007994 |
| 008 |
230101c9999 xx r poo 0 0eng d |
| 020 |
|
|
|c 5.00 USD
|
| 020 |
|
|
|z 9781451836820
|
| 022 |
|
|
|a 1934-7685
|
| 040 |
|
|
|a BD-DhAAL
|c BD-DhAAL
|
| 110 |
2 |
|
|a International Monetary Fund.
|
| 245 |
1 |
0 |
|a Thailand :
|b Statistical Appendix.
|
| 264 |
|
1 |
|a Washington, D.C. :
|b International Monetary Fund,
|c 2001.
|
| 300 |
|
|
|a 1 online resource (94 pages)
|
| 490 |
1 |
|
|a IMF Staff Country Reports
|
| 500 |
|
|
|a <strong>Off-Campus Access:</strong> No User ID or Password Required
|
| 500 |
|
|
|a <strong>On-Campus Access:</strong> No User ID or Password Required
|
| 506 |
|
|
|a Electronic access restricted to authorized BRAC University faculty, staff and students
|
| 520 |
3 |
|
|a This report provides the IMF's projections and estimates on Thailand's expenditure on gross domestic product at current prices; balance of payments during 1995-2000; gross domestic product by industrial origin at current and constant prices during 1995-99; investment and savings at constant prices; gross domestic product at 1988 prices; selected energy prices; mining and agricultural productions during 1995-2001; central government fiscal accounts and revenue and grants; central government expenditure by economic classification,1995/96-1999/2000; summary of the central and local government tax system; financial and monetary surveys during 1996-2001, and so on.
|
| 538 |
|
|
|a Mode of access: Internet
|
| 830 |
|
0 |
|a IMF Staff Country Reports; Country Report ;
|v No. 2001/155
|
| 856 |
4 |
0 |
|z Full text available on IMF
|u http://elibrary.imf.org/view/journals/002/2001/155/002.2001.issue-155-en.xml
|z IMF e-Library
|